000 01163nam a2200361 a 4500
003 AR-BaBNM
005 20251128210530.0
008 082120s2002 ||||||||||||||000 | spa||
020 _a84-7112-418-1
040 _cAR-BaBNM
100 1 _aSquires, David
245 0 0 _aCómo elegir y utilizar software educativo
_bguía para el profesorado
260 _aMadrid
_aLa Coruña
_bFundación Paideia
_bEdiciones Morata
_c1997
300 _a174 p.
_bgráfs., tablas
490 0 _aPedagogía. Educación crítica
_vK
500 _aContiene referencias bibliográficas
500 _aContiene índice de autores y materias
650 4 _aTECNOLOGIA EDUCATIVA
650 4 _aCOMPUTADORAS
650 4 _aENSEÑANZA POR COMPUTADORA
650 4 _aSOFTWARE DIDACTICO
650 4 _aPROCEDIMIENTOS DE SELECCION
650 4 _aSELECCION DE MATERIAL DIDACTICO
650 4 _aROL DEL DOCENTE
650 4 _aRELACION ALUMNO-DOCENTE
650 4 _aRELACIONES INTERPERSONALES
650 4 _aFORMACION DE CONCEPTOS
700 1 _aMcDougall, Anne
700 1 _aManzano, Pablo
_etraductor
800 1 _aTorres Santomé, Jurjo
_edirector
942 _cBK
998 _cRAQUEL
999 _c15834
_d15834